Diccionario de términos de finanzas e inversiones (Registro nro. 9507)
[ vista simple ]
| 000 -Cabecera | |
|---|---|
| Campo de control de longitud fija | 00540nam a22002057a 4500 |
| 005 - Fecha y hora de la última transacción | |
| Campo de control | 20250219185128.0 |
| 008 - Elementos de longitud fija--Información general | |
| Campo de control de longitud fija | 170602b2011 xxu||||| |||| 00| 0 spa d |
| 041 ## - Idioma | |
| Código de idioma | Inglés |
| -- | Español |
| 082 ## - Clasificación Decimal Dewey | |
| Número de clasificación | R 658.15 D748d |
| 100 ## - Entrada principal--Autor personal | |
| Nombre personal | Downes, John | Elliot Goodman, Jordan |
| 9 (RLIN) | 74936 |
| 245 ## - Título propiamente dicho | |
| Título | Diccionario de términos de finanzas e inversiones |
| 260 ## - Pie de imprenta | |
| Lugar de publicación, distribución, etc. | México |
| 260 ## - Pie de imprenta | |
| Nombre del editor, distribuidor, etc. | Grupo editorial patria |
| 260 ## - Pie de imprenta | |
| Fecha de publicación, distribución, etc. | 2011 |
| 300 ## - Descripción física | |
| Extensión | 813 páginas |
| 650 ## - Materia general | |
| Temática (materia general) | DICCIONARIOS |
| 650 ## - Materia general | |
| Temática (materia general) | FINANZAS |
| 650 ## - Materia general | |
| Temática (materia general) | INVERSIONES |
| 942 ## - Punto de acceso adicional KOHA | |
| Tipo de ítem KOHA | Referencia |
| Fuente del sistema de clasificación o colocación | Dewey Decimal Classification |
| Signatura completa | Código de barras | Tipo de ítem |
|---|---|---|
| R 658.15 D748d | 17120 | Referencia |